[Event "Reykjavik Open 2025"]
[Site "Reykjavik"]
[Date "2025.04.11"]
[Round "4.146"]
[White "Tripathi, Pratyush"]
[Black "Hofland, Jeffrey"]
[Result "1-0"]
[WhiteElo "2011"]
[WhiteFideId "1763121"]
[BlackElo "1761"]
[BlackFideId "1085328"]
[Variant "Standard"]
[StudyName "ROpen - Rd4 - Boards 109-172"]
1. Nf3 Nf6 2. d4 e6 3. g3 d5 4. c4 Bb4+ 5. Bd2 Be7 6. Bg2 c6 7. O-O Nbd7 8. Bc3 Ne4 9. Nfd2 Nxc3 10. Nxc3 f5 11. e3 h5 12. Qc2 g5 13. cxd5 cxd5 14. Nb5 Kf7 15. Rae1 Nf6 16. Nf3 Ne4 17. Ne5+ Kf6 18. Bxe4 dxe4 19. f3 Bd7 20. Nc3 exf3 21. Rxf3 Bd6 22. Ne4+ Kg7 23. Nxd6 Bc6 24. Nxc6 Qxd6 25. Ne5 Rac8 26. Qb3 Rc7 27. Ref1 Rf8 28. Qd3 Qd5 29. b3 Rfc8 30. e4 Qa5 31. exf5 Rc3 32. f6+ 1-0

[Event "Reykjavik Open 2025"]
[Site "Reykjavik"]
[Date "2025.04.11"]
[Round "4.147"]
[White "Donath, Simon"]
[Black "Omarsson, Josef"]
[Result "1-0"]
[WhiteElo "1761"]
[WhiteFideId "34618180"]
[BlackElo "2011"]
[BlackFideId "2316102"]
[Variant "Standard"]
[StudyName "ROpen - Rd4 - Boards 109-172"]
1. e4 c5 2. Nf3 Nc6 3. d4 cxd4 4. Nxd4 Nf6 5. Nc3 e5 6. Ndb5 d6 7. a4 Be7 8. Bg5 Be6 9. Bxf6 gxf6 10. Nd5 Bxd5 11. Qxd5 a6 12. Nc3 Nd4 13. O-O-O Qd7 14. Bc4 O-O 15. Rd3 Rac8 16. b4 Rc6 17. Rhd1 Qc7 18. Rg3+ Kh8 19. Rxd4 f5 20. exf5 Bf6 21. Rdg4 Bg5+ 22. Rxg5 Rxc4 23. Qd3 Rc8 24. f6 e4 25. Nxe4 Rxc2+ 26. Kd1 Rc1+ 27. Ke2 Re8 28. Re3 Qd7 29. Nxd6 Rec8 30. Nxc8 Qxc8 31. Qe4 Rc2+ 32. Kf3 Rc3 33. Rg7 1-0

[Event "Reykjavik Open 2025"]
[Site "Reykjavik"]
[Date "2025.04.11"]
[Round "4.148"]
[White "Moseley, Alan"]
[Black "Bleuzen, Cedric"]
[Result "0-1"]
[WhiteElo "1760"]
[WhiteFideId "30963311"]
[BlackElo "2003"]
[BlackFideId "632368"]
[Variant "Standard"]
[StudyName "ROpen - Rd4 - Boards 109-172"]
1. d4 d5 2. c4 e6 3. Nc3 Nf6 4. cxd5 exd5 5. Bg5 c6 6. e3 Bf5 7. Qf3 Bg6 8. Bxf6 Qxf6 9. Qxf6 gxf6 10. Nf3 Nd7 11. Nh4 h6 12. Ne2 Bb4+ 13. Kd1 Ke7 14. a3 Ba5 15. Nxg6+ fxg6 16. Nf4 Kf7 17. Bd3 Nf8 18. h4 Bc7 19. g3 f5 20. Ke2 Kf6 21. Rac1 Bd6 22. Bb1 Re8 23. Nd3 Ne6 24. Kd2 g5 25. f4 g4 26. Ne5 Re7 27. Rc3 c5 28. Kd3 Rc7 29. Ba2 c4+ 30. Ke2 b5 31. b4 a5 32. bxa5 Ra8 33. Rb1 Rxa5 0-1

[Event "Reykjavik Open 2025"]
[Site "Reykjavik"]
[Date "2025.04.11"]
[Round "4.149"]
[White "Winter, Kevin"]
[Black "Kristinsson, Ogmundur"]
[Result "0-1"]
[WhiteElo "1751"]
[WhiteFideId "421960"]
[BlackElo "2000"]
[BlackFideId "2304724"]
[Variant "Standard"]
[StudyName "ROpen - Rd4 - Boards 109-172"]
1. e4 e5 2. Nf3 Nc6 3. Bc4 Nf6 4. Ng5 d5 5. exd5 b5 6. Bf1 Nxd5 7. Bxb5 Bb7 8. d4 h6 9. Nf3 exd4 10. O-O Bc5 11. Ne5 Qf6 12. Ng4 Qd6 13. Re1+ Ne7 14. Ne5 O-O 15. Bf4 Nxe5 16. Bxe5 Qg6 17. Bg3 Qb6 18. Bd3 Nd5 19. Nd2 Rfe8 20. Nf3 Bb4 21. Rxe8+ Rxe8 22. a3 Bc5 23. b4 Bd6 24. Qd2 c5 25. b5 Nc3 26. a4 Bd5 27. a5 Qd8 28. b6 axb6 29. axb6 Qxb6 30. Bxd6 Qxd6 31. Ra6 Qb8 32. Ra1 Qb7 33. Nh4 Qe7 34. Nf5 Qf6 35. Re1 Re5 36. f4 Rxe1+ 37. Qxe1 Be6 38. g4 c4 39. Bf1 g6 40. Nxh6+ Kg7 41. Qg3 Bd5 42. g5 Qb6 43. Qf2 Nd1 0-1

[Event "Reykjavik Open 2025"]
[Site "Reykjavik"]
[Date "2025.04.11"]
[Round "4.150"]
[White "Thorsteinsdottir, Hallgerdur"]
[Black "Eiriksson, Theodor"]
[Result "1-0"]
[WhiteElo "2003"]
[WhiteFideId "2302454"]
[BlackElo "1742"]
[BlackFideId "2322277"]
[Variant "Standard"]
[StudyName "ROpen - Rd4 - Boards 109-172"]
1. e4 d5 2. exd5 Qxd5 3. Nc3 Qd6 4. d4 Nf6 5. Nf3 c6 6. Ne5 Nbd7 7. f4 g6 8. g4 Nb6 9. g5 Nfd5 10. Ne4 Qd8 11. Bg2 Bg7 12. Nc5 Bxe5 13. fxe5 Rb8 14. O-O Bf5 15. c3 Nc7 16. Nxb7 Qc8 17. Bxc6+ Bd7 18. Bxd7+ Nxd7 19. Na5 Rb6 20. Nc4 Rb5 21. Qf3 O-O 22. b3 Ne8 23. Ba3 Ng7 24. Bxe7 Nf5 25. Bxf8 1-0

[Event "Reykjavik Open 2025"]
[Site "Reykjavik"]
[Date "2025.04.11"]
[Round "4.151"]
[White "Halldorsson, Nirvaan"]
[Black "Bozilov, Dragan"]
[Result "0-1"]
[WhiteElo "1701"]
[WhiteFideId "2330016"]
[BlackElo "1981"]
[BlackFideId "906620"]
[Variant "Standard"]
[StudyName "ROpen - Rd4 - Boards 109-172"]
1. d4 Nf6 2. c4 e6 3. Nc3 d5 4. Bg5 c6 5. e3 Nbd7 6. Nf3 Be7 7. cxd5 exd5 8. Bd3 O-O 9. O-O Re8 10. b4 Ne4 11. Nxe4 dxe4 12. Bxe7 Qxe7 13. Bxe4 Qxe4 14. Ng5 Qg6 15. h4 h6 16. Nf3 Qh5 17. Qb3 Nf6 18. Ne5 Be6 19. Qd3 Qxh4 20. f3 Nd7 21. f4 Nxe5 22. fxe5 a6 23. Rf4 Qe7 24. Raf1 Qxb4 25. R4f3 Bc4 26. Qf5 Bxf1 27. Qxf7+ Kh8 28. Rg3 Qf8 29. Qg6 Bc4 30. Rf3 Qe7 31. Rh3 Qf7 32. Rxh6+ gxh6 33. Qxh6+ Kg8 34. Qg5+ Qg7 35. Qf5 Rf8 36. Qh5 Bf1 37. g4 Be2 38. Qh2 Qxg4+ 39. Kh1 Rf1+ 0-1

[Event "Reykjavik Open 2025"]
[Site "Reykjavik"]
[Date "2025.04.11"]
[Round "4.152"]
[White "Borne, Milan"]
[Black "Wadelek, Karol"]
[Result "1/2-1/2"]
[WhiteElo "1673"]
[WhiteFideId "652011941"]
[BlackElo "1979"]
[BlackFideId "1176307"]
[Variant "Standard"]
[StudyName "ROpen - Rd4 - Boards 109-172"]
1. d4 Nf6 2. c4 e6 3. Nf3 c5 4. g3 cxd4 5. Nxd4 Bb4+ 6. Bd2 Be7 7. Bg2 O-O 8. O-O Nc6 9. Nxc6 bxc6 10. e4 d5 11. cxd5 cxd5 12. exd5 Nxd5 13. Nc3 Nxc3 14. Bxc3 Ba6 15. Qg4 Bf6 16. Rfd1 Qe7 17. Rd7 h5 18. Rxe7 hxg4 19. Bxf6 gxf6 20. Bxa8 Rxa8 21. Rd1 Bb5 22. b3 a5 23. a4 Bc6 24. Rc1 Bd5 25. Rec7 Bxb3 26. Rc8+ Rxc8 27. Rxc8+ Kg7 28. Rc5 Bxa4 29. Rxa5 Bc6 30. Kf1 Bf3 31. Ke1 Kg6 32. Kd2 e5 33. Ke3 Bg2 34. Rb5 Bc6 35. Rb8 Kg7 36. Rc8 Bg2 37. Rc4 f5 38. Rc5 Kf6 39. Rb5 Bh1 40. Rc5 Bg2 41. Kd3 Bf3 42. Kc4 Bg2 43. Kb5 Ke6 44. Kb6 f4 45. gxf4 exf4 46. Rc4 Ke5 47. Rc7 f5 48. Rc5+ Ke4 49. Kc7 f3 50. Kd6 f4 51. Rg5 Bh3 52. Re5+ Kd3 53. Re7 Kd2 54. Kc5 g3 55. hxg3 fxg3 56. fxg3 f2 57. Rf7 f1=R 1/2-1/2

[Event "Reykjavik Open 2025"]
[Site "Reykjavik"]
[Date "2025.04.11"]
[Round "4.153"]
[White "Grigoriev, Dmitriy"]
[Black "Le Pen, Michel"]
[Result "1-0"]
[WhiteElo "1997"]
[WhiteFideId "34181676"]
[BlackElo "1668"]
[BlackFideId "656330"]
[Variant "Standard"]
[StudyName "ROpen - Rd4 - Boards 109-172"]
1. e4 e5 2. Nf3 Nc6 3. d4 exd4 4. Bc4 Bb4+ 5. c3 dxc3 6. bxc3 Qf6 7. Bg5 Bxc3+ 8. Kf1 Bxa1 9. Bxf6 Nxf6 10. Na3 Be5 11. Nb5 O-O 12. Nxe5 Nxe5 13. Nxc7 Nxc4 14. Nxa8 Nxe4 15. Nc7 b5 16. Nxb5 Re8 17. h3 Re6 18. Kg1 Rf6 19. Qd5 Ned6 20. Nxd6 Nxd6 21. Qa5 Re6 22. Qxa7 h6 23. Kh2 Rg6 24. Rd1 Bb7 25. g3 Bc6 26. Rxd6 Rxd6 27. Qb8+ 1-0

[Event "Reykjavik Open 2025"]
[Site "Reykjavik"]
[Date "2025.04.11"]
[Round "4.154"]
[White "Bathula, Abhinav Reddy"]
[Black "Bulva, Maksim"]
[Result "1-0"]
[WhiteElo "1979"]
[WhiteFideId "35005693"]
[BlackElo "1660"]
[BlackFideId "54140110"]
[Variant "Standard"]
[StudyName "ROpen - Rd4 - Boards 109-172"]
1. e4 c6 2. Nf3 d5 3. Nc3 dxe4 4. Nxe4 Nf6 5. Ng3 g6 6. b3 Bg7 7. Bb2 O-O 8. d4 Nbd7 9. Be2 c5 10. O-O cxd4 11. Bxd4 Qc7 12. c4 b6 13. Qc2 Bb7 14. Qb2 Rac8 15. Rfe1 Rfe8 16. Ne5 Bc6 17. Bf3 Bxf3 18. Nxf3 Nc5 19. Re3 Ne6 20. Be5 Qb7 21. Re2 Rcd8 22. Rae1 Nc5 23. Qc2 Nd3 24. Rd1 Nxe5 25. Rxe5 Qc7 26. Re2 Rxd1+ 27. Qxd1 Rd8 28. Rd2 Rxd2 29. Qxd2 Qd7 30. Ne4 Qxd2 31. Nxf6+ Bxf6 32. Nxd2 e6 33. Kf1 Bb2 34. Ke2 f5 35. f4 e5 36. fxe5 Bxe5 37. Nf3 Bd6 38. Kd3 Kf7 39. Kd4 Kf6 40. Kd5 Bc5 41. h4 h6 42. a4 Bf2 43. b4 g5 44. c5 bxc5 45. bxc5 Bg3 46. hxg5+ hxg5 47. c6 g4 48. Nd4 Kg5 49. Ke6 Bb8 50. Nxf5 Kf4 51. g3+ Kf3 52. Kd7 1-0

[Event "Reykjavik Open 2025"]
[Site "Reykjavik"]
[Date "2025.04.11"]
[Round "4.155"]
[White "Seshadri, Sridhar"]
[Black "Heidarsson, Mikael Bjarki"]
[Result "0-1"]
[WhiteElo "1623"]
[WhiteFideId "30913942"]
[BlackElo "1973"]
[BlackFideId "2317532"]
[Variant "Standard"]
[StudyName "ROpen - Rd4 - Boards 109-172"]
1. d4 Nf6 2. e3 d5 3. Bd3 b6 4. c3 Bg4 5. Ne2 Nbd7 6. f3 Bh5 7. Bb5 c5 8. Nf4 Bg6 9. Bc6 Rc8 10. Bxd5 Nxd5 11. Nxd5 e6 12. Nf4 Bd6 13. O-O Qc7 14. Na3 a6 15. Bd2 cxd4 16. cxd4 Bxf4 17. exf4 Qd6 18. Be3 O-O 19. Qb3 b5 20. Rac1 Nf6 21. g3 Nd5 22. Bf2 Nb4 23. Rxc8 Rxc8 24. Rd1 h6 25. Be1 Nc2 26. Nb1 Nxe1 27. Rxe1 Qxd4+ 28. Kh1 Qf2 29. Rd1 0-1

[Event "Reykjavik Open 2025"]
[Site "Reykjavik"]
[Date "2025.04.11"]
[Round "4.156"]
[White "Woods, Yannick"]
[Black "Jonsdottir, Katrin Maria"]
[Result "1-0"]
[WhiteElo "1979"]
[WhiteFideId "2518384"]
[BlackElo "1565"]
[BlackFideId "2316706"]
[Variant "Standard"]
[StudyName "ROpen - Rd4 - Boards 109-172"]
1. e4 d5 2. exd5 Qxd5 3. Nc3 Qd8 4. d4 c6 5. Nf3 Bg4 6. h3 Bxf3 7. Qxf3 Qxd4 8. Bf4 Nf6 9. Nb5 Qb4+ 10. Bd2 Qxb2 11. Bc3 Qxc2 12. Bd3 Qa4 13. Nc7+ Kd8 14. Nxa8 Nbd7 15. O-O e6 16. Bxf6+ Nxf6 17. Qg3 Qa5 18. Qb8+ Kd7 19. Qxb7+ Ke8 20. Qb8+ Ke7 21. Rab1 Qd8 22. Rb7+ Ke8 23. Nc7+ Ke7 24. Nxe6+ Qd7 25. Qd8+ Kd6 26. Rxd7+ Nxd7 27. Rd1 1-0

[Event "Reykjavik Open 2025"]
[Site "Reykjavik"]
[Date "2025.04.11"]
[Round "4.157"]
[White "Deepak Ambattu, Rithvik"]
[Black "Kaalinnguaq Thorleifsen, Thomas"]
[Result "1-0"]
[WhiteElo "1971"]
[WhiteFideId "2410060"]
[BlackElo "1552"]
[BlackFideId "2330938"]
[Variant "Standard"]
[StudyName "ROpen - Rd4 - Boards 109-172"]
1. e4 e5 2. Nf3 Nc6 3. Bb5 a6 4. Ba4 d6 5. c3 Bg4 6. h3 Bh5 7. d4 b5 8. Bb3 Be7 9. Bd5 Qd7 10. Nxe5 dxe5 11. Qxh5 g6 12. Qf3 Nf6 13. Nd2 exd4 14. Bxc6 Qxc6 15. cxd4 Rd8 16. d5 Qc2 17. Qb3 Qc5 18. O-O O-O 19. Qf3 Qd4 20. Re1 Qe5 21. Nb3 Nxd5 22. Bh6 Nf4 1-0

[Event "Reykjavik Open 2025"]
[Site "Reykjavik"]
[Date "2025.04.11"]
[Round "4.159"]
[White "Harrison, Kirk"]
[Black "Arndt, Uwe"]
[Result "0-1"]
[WhiteElo "1679"]
[WhiteFideId "343419852"]
[BlackElo "1956"]
[BlackFideId "24647713"]
[Variant "Standard"]
[StudyName "ROpen - Rd4 - Boards 109-172"]
1. e4 c6 2. d4 d5 3. exd5 cxd5 4. Bd3 Nc6 5. c3 Qc7 6. Ne2 Bg4 7. O-O Nf6 8. f3 Bd7 9. Bf4 e5 10. dxe5 Nxe5 11. Nd4 Bd6 12. Nf5 Bxf5 13. Bxf5 O-O 14. Kh1 Nc4 15. Bxd6 Qxd6 16. Qe2 Rfe8 17. Qd3 Nxb2 18. Qc2 Nc4 19. Rg1 Re5 20. Bd3 Ne3 21. Qb3 Rh5 22. h3 Qg3 23. Qb2 Nfg4 0-1

[Event "Reykjavik Open 2025"]
[Site "Reykjavik"]
[Date "2025.04.11"]
[Round "4.160"]
[White "Wedin, Svante"]
[Black "Holcomb, David D"]
[Result "1/2-1/2"]
[WhiteElo "1902"]
[WhiteFideId "1711989"]
[BlackElo "1674"]
[BlackFideId "39928314"]
[Variant "Standard"]
[StudyName "ROpen - Rd4 - Boards 109-172"]
1. e4 e6 2. d4 d5 3. Nc3 dxe4 4. Nxe4 Nd7 5. Nf3 Ngf6 6. Bg5 Be7 7. Nxf6+ Nxf6 8. Be2 O-O 9. O-O b6 10. c3 Bb7 11. Ne5 Nd7 12. Bxe7 Qxe7 13. Bf3 Bxf3 14. Nxf3 c5 15. dxc5 Nxc5 16. Qe2 Rfd8 17. Nd4 Qb7 18. Rfe1 Qa6 19. a4 Qxe2 20. Rxe2 Rac8 21. g3 Nd7 22. a5 e5 23. Nf5 Kf8 24. axb6 axb6 25. Ra7 g6 26. Nd6 Ra8 27. Rxa8 Rxa8 28. Rd2 f6 29. Nb5 Ke7 30. b4 Rc8 31. Kf1 Rc4 32. Ke2 e4 33. Ra2 f5 34. Ra8 Rc6 35. Ke3 Rc4 36. h3 Ne5 37. Kd2 Nf3+ 38. Kc2 Kf6 39. Ra2 1/2-1/2

[Event "Reykjavik Open 2025"]
[Site "Reykjavik"]
[Date "2025.04.11"]
[Round "4.161"]
[White "Storsanden, Aksel Larsen"]
[Black "Arnalds, Stefan"]
[Result "0-1"]
[WhiteElo "1676"]
[WhiteFideId "1542885"]
[BlackElo "1850"]
[BlackFideId "2304821"]
[Variant "Standard"]
[StudyName "ROpen - Rd4 - Boards 109-172"]
1. e4 c5 2. Nf3 e6 3. c3 d5 4. exd5 exd5 5. d4 Nf6 6. Bb5+ Nc6 7. Bg5 a6 8. Bxc6+ bxc6 9. O-O h6 10. Bh4 g5 11. Bg3 Ne4 12. Re1 Be6 13. Nbd2 Nxg3 14. hxg3 c4 15. b3 cxb3 16. axb3 Bg7 17. Qe2 a5 18. Ne5 Qc8 19. Ng6 Rg8 20. Ne5 Ke7 21. Nd3 Re8 22. Nf3 Kf8 23. Nfe5 Bf5 24. Qh5 Ra7 25. Rxa5 Rae7 26. Qd1 g4 27. Rc5 f6 28. Rxc6 Qa8 29. Rc5 fxe5 30. Nxe5 Bxe5 31. dxe5 Rxe5 32. Rxe5 Rxe5 33. Qd2 Qa6 34. Rxd5 Rxd5 35. Qxd5 Qe6 36. Qd1 Qe4 37. Qd6+ Kg7 38. Qd1 Qb1 39. Qxb1 Bxb1 40. f4 Kf6 41. Kf2 Ke6 42. c4 Ba2 43. Ke3 Bxb3 44. Kd4 Ba4 45. Kc5 Bc2 46. Kc6 Be4+ 47. Kc7 Bxg2 48. c5 h5 0-1

[Event "Reykjavik Open 2025"]
[Site "Reykjavik"]
[Date "2025.04.11"]
[Round "4.162"]
[White "Leosson, Tomas Sindri"]
[Black "Fernandez, Kenneth"]
[Result "0-1"]
[WhiteElo "1638"]
[WhiteFideId "2325764"]
[BlackElo "1842"]
[BlackFideId "30903750"]
[Variant "Standard"]
[StudyName "ROpen - Rd4 - Boards 109-172"]
1. e4 e6 2. d4 d5 3. exd5 exd5 4. Bd3 Nc6 5. c3 Bd6 6. Nf3 Bg4 7. O-O Qd7 8. Bg5 f6 9. Bh4 O-O-O 10. Nbd2 Nge7 11. Bg3 h5 12. Bxd6 Qxd6 13. b4 g5 14. Qa4 h4 15. b5 Nb8 16. Qxa7 Bf5 17. Bxf5+ Nxf5 18. Nb3 Qf4 19. Nc5 Nd6 20. Rfe1 Rde8 21. a4 h3 22. a5 Qg4 0-1

[Event "Reykjavik Open 2025"]
[Site "Reykjavik"]
[Date "2025.04.11"]
[Round "4.163"]
[White "Muskens, Mink"]
[Black "Santoro, Michele"]
[Result "1-0"]
[WhiteElo "1841"]
[WhiteFideId "1085050"]
[BlackElo "1649"]
[BlackFideId "28549260"]
[Variant "Standard"]
[StudyName "ROpen - Rd4 - Boards 109-172"]
1. Nf3 d5 2. g3 Nd7 3. d4 Ngf6 4. Bg2 e6 5. O-O c5 6. c4 dxc4 7. Nc3 Rb8 8. Bf4 Ra8 9. Nb5 Nd5 10. Bd6 a6 11. Bxf8 Kxf8 12. Nd6 b5 13. Ne5 Nxe5 14. dxe5 g6 15. Bxd5 exd5 16. Qxd5 Be6 17. Qxc5 Kg7 18. Rfd1 Qg5 19. Rd4 h5 20. h4 Qh6 21. Rf4 g5 22. Rxf7+ Kg8 23. Rf6 Qg7 24. Rxe6 gxh4 25. Qd5 Kh7 26. Qe4+ Kg8 27. Qxa8+ 1-0

[Event "Reykjavik Open 2025"]
[Site "Reykjavik"]
[Date "2025.04.11"]
[Round "4.165"]
[White "Ernisson, Petur Ulfar"]
[Black "Muzik, Roman"]
[Result "0-1"]
[WhiteElo "1602"]
[WhiteFideId "2326116"]
[BlackElo "1832"]
[BlackFideId "357480"]
[Variant "Standard"]
[StudyName "ROpen - Rd4 - Boards 109-172"]
1. e4 e5 2. Nf3 Nc6 3. Bc4 Nf6 4. d4 exd4 5. e5 d5 6. Bb5 Ne4 7. Nxd4 Bd7 8. Bxc6 bxc6 9. O-O Bc5 10. f3 Ng5 11. f4 Ne4 12. Be3 Rb8 13. Nd2 Rxb2 14. N2b3 Bb6 15. Qc1 Rxb3 16. axb3 c5 17. Nf3 d4 18. Bf2 O-O 19. Nd2 Nc3 20. Kh1 Bc6 21. Nf3 Qd7 22. Qe1 Bb5 23. Rg1 Ne2 24. Ng5 Qf5 25. Qd2 Nxg1 26. Kxg1 h6 27. Nf3 Rd8 28. Nh4 Qh5 29. h3 Qe2 30. Qxe2 Bxe2 31. Nf5 Kf8 32. Bh4 Rd7 33. Ng3 d3 34. cxd3 c4+ 35. Kh2 cxd3 36. Nxe2 dxe2 37. Ra2 g5 38. Be1 gxf4 39. Rxe2 Rd3 40. Bd2 Be3 41. Bb4+ c5 42. Be1 Rxb3 43. Bh4 c4 44. Rc2 c3 45. Bf6 Bd2 46. Ra2 Rb7 47. Kg1 Ke8 48. Kh2 Kd7 49. h4 h5 50. Kh3 Kc6 51. Kh2 Kd5 52. g3 f3 53. Kg1 Be3+ 0-1

[Event "Reykjavik Open 2025"]
[Site "Reykjavik"]
[Date "2025.04.11"]
[Round "4.166"]
[White "Hausberg, Volkmar-Dirk"]
[Black "Dale, Svein"]
[Result "0-1"]
[WhiteElo "1593"]
[WhiteFideId "533023280"]
[BlackElo "1821"]
[BlackFideId "1523120"]
[Variant "Standard"]
[StudyName "ROpen - Rd4 - Boards 109-172"]
1. d4 c6 2. Nf3 d5 3. c4 Nf6 4. Nc3 g6 5. b4 a5 6. b5 Bg7 7. e3 O-O 8. h3 c5 9. Be2 dxc4 10. Bxc4 cxd4 11. Nxd4 Qc7 12. Qb3 Nbd7 13. Na4 b6 14. Nc6 e6 15. Ne7+ Kh8 16. Nxc8 Raxc8 17. Nb2 Ne4 18. O-O Ne5 19. Be2 Qe7 20. Rb1 Nc3 21. Re1 Nxb1 22. Na4 Qb4 23. Qxb4 axb4 24. e4 Nc3 25. Nxb6 Nxe2+ 0-1

[Event "Reykjavik Open 2025"]
[Site "Reykjavik"]
[Date "2025.04.11"]
[Round "4.167"]
[White "Billman, Brian"]
[Black "Gudmundsson, Steinn"]
[Result "0-1"]
[WhiteElo "1561"]
[WhiteFideId "2330920"]
[BlackElo "1816"]
[BlackFideId "2329808"]
[Variant "Standard"]
[StudyName "ROpen - Rd4 - Boards 109-172"]
1. d4 Nf6 2. c4 g6 3. Nc3 d5 4. h3 Bg7 5. Nf3 O-O 6. Bf4 c5 7. e3 Nc6 8. cxd5 Nxd5 9. Bh2 cxd4 10. exd4 Bf5 11. Rc1 Qa5 12. a3 Rfd8 13. Be2 Nxc3 14. bxc3 Nxd4 15. Nxd4 Bxd4 16. Qb3 Rac8 17. Bc4 Bxf2+ 18. Kxf2 Qc5+ 19. Ke1 Qe3+ 20. Kf1 Qxc1+ 21. Kf2 Qd2+ 22. Kf3 Rxc4 23. Qxc4 Rd3+ 24. Qxd3 Qxd3+ 25. Kf2 Qd2+ 26. Kf3 Qxc3+ 27. Kf2 e5 28. Re1 f6 29. Re3 Qd2+ 30. Re2 Qd4+ 31. Re3 b5 32. Ke2 a5 33. g4 Qb2+ 34. Ke1 Bxg4 35. hxg4 Qxh2 36. Rb3 Qg1+ 0-1

[Event "Reykjavik Open 2025"]
[Site "Reykjavik"]
[Date "2025.04.11"]
[Round "4.168"]
[White "Eiriksson, Sigurdur"]
[Black "Alguno Openia, Tristan Nash"]
[Result "1/2-1/2"]
[WhiteElo "1810"]
[WhiteFideId "2302314"]
[BlackElo "1624"]
[BlackFideId "2330180"]
[Variant "Standard"]
[StudyName "ROpen - Rd4 - Boards 109-172"]
1. e4 c5 2. Nf3 d6 3. d4 cxd4 4. Nxd4 Nf6 5. Nc3 a6 6. Be3 e6 7. Be2 Be7 8. O-O O-O 9. Qd2 Qc7 10. Rad1 Nc6 11. a3 b5 12. f4 Bb7 13. Bf3 Rac8 14. Qf2 Na5 15. Nxe6 fxe6 16. Bb6 Qb8 17. Bxa5 d5 18. Qe2 d4 19. e5 Bc5 20. Kh1 dxc3 21. exf6 Rxf6 22. Bxc3 Rh6 23. Be5 Bxf3 24. Qxf3 Qa7 25. Rd3 Qe7 26. Rfd1 Qh4 27. h3 Be7 28. c3 Bf6 29. Qb7 Rf8 30. Qe4 Bxe5 31. Qxe5 Qxf4 32. Qxf4 Rxf4 33. Rd6 a5 34. Rb6 Rf5 35. Rdd6 Re5 36. Rb7 Rf6 37. Rdd7 Rg5 38. Rb8+ Rf8 39. Rb6 Rf6 40. Rb8+ Rf8 1/2-1/2

[Event "Reykjavik Open 2025"]
[Site "Reykjavik"]
[Date "2025.04.11"]
[Round "4.169"]
[White "Tomasdottir, Katrin Osk"]
[Black "Hauksson, Helgi"]
[Result "0-1"]
[WhiteElo "1485"]
[WhiteFideId "2331560"]
[BlackElo "1804"]
[BlackFideId "2305593"]
[Variant "Standard"]
[StudyName "ROpen - Rd4 - Boards 109-172"]
1. d4 Nf6 2. c4 g6 3. Nc3 Bg7 4. Bg5 O-O 5. e3 d6 6. Bd3 e5 7. Nf3 exd4 8. Nxd4 c6 9. O-O Qa5 10. Nf3 Bg4 11. Bf4 d5 12. h3 dxc4 13. Bxc4 Rd8 14. Qb3 Bxf3 15. Qxb7 Nbd7 16. Bc7 Qg5 17. g3 Re8 18. Qb3 Nd5 19. Bf4 Nxf4 20. Bxf7+ Kh8 21. Bxe8 Nxh3+ 22. Kh2 Rxe8 23. Qf7 Nf6 24. g4 Nxg4+ 25. Kxh3 Qh5+ 26. Kg3 Qh2+ 27. Kxf3 Ne5+ 28. Ke2 Qh5+ 29. Kd2 Rd8+ 30. Kc2 Nxf7 31. Rh1 Qf5+ 32. Kb3 Rb8+ 33. Nb5 Rxb5+ 34. Kc4 Nd6# 0-1

[Event "Reykjavik Open 2025"]
[Site "Reykjavik"]
[Date "2025.04.11"]
[Round "4.171"]
[White "Hald, Morten Hansen"]
[Black "Pacin, Ondrej"]
[Result "1-0"]
[WhiteElo "1797"]
[WhiteFideId "1437615"]
[BlackElo "1598"]
[BlackFideId "2660083"]
[Variant "Standard"]
[StudyName "ROpen - Rd4 - Boards 109-172"]
1. Nc3 d5 2. e4 d4 3. Nce2 e5 4. Nf3 Nc6 5. Ng3 a6 6. Bc4 h6 7. a3 Nf6 8. d3 Be7 9. b4 Bd6 10. Bd2 b5 11. Bb3 Bd7 12. O-O Ne7 13. Nh4 Qc8 14. Nh5 Nxh5 15. Qxh5 Be6 16. f4 g6 17. Qe2 Bxb3 18. cxb3 Qe6 19. Nf3 f6 20. Rab1 g5 21. f5 Qf7 22. Rfc1 O-O 23. g4 Kg7 24. h4 Rh8 25. hxg5 hxg5 26. Bxg5 fxg5 27. Nxg5 Qf6 28. Ne6+ Kg8 29. g5 Qf7 30. Qg2 Qh5 31. Rf1 Qh3 32. Rf3 Qxg2+ 33. Kxg2 Kf7 34. Rg1 Rag8 35. Kf1 Ke8 36. f6 Rf8 37. Nxf8 Rxf8 38. g6 Kd7 39. Ke2 Ng8 40. f7 Nh6 41. g7 Rd8 42. f8=Q Rxf8 43. gxf8=Q 1-0

[Event "Reykjavik Open 2025"]
[Site "Reykjavik"]
[Date "2025.04.11"]
[Round "4.174"]
[White "Buijs, Gerard"]
[Black "Egilsson, Kristofer Arni"]
[Result "1-0"]
[WhiteElo "1774"]
[WhiteFideId "40111229"]
[BlackElo "1569"]
[BlackFideId "2330148"]
[Variant "Standard"]
[StudyName "ROpen 2025 - Rd4 - Boards 173-END"]
1. d4 d6 2. Nf3 g6 3. Bf4 Bg7 4. e3 Nf6 5. Nbd2 O-O 6. h3 c5 7. c3 b6 8. Bd3 Nc6 9. O-O Be6 10. Re1 Nh5 11. Bh2 d5 12. Bc2 Qd7 13. Ba4 a6 14. Ne5 Bxe5 15. dxe5 b5 16. Bc2 f6 17. Nf3 Rf7 18. Qb1 Raf8 19. b4 c4 20. a4 fxe5 21. Bxg6 hxg6 22. Qxg6+ Rg7 23. Qxh5 Bxh3 24. Bg3 Bg4 25. Nxe5 Nxe5 26. Qxe5 Rf3 27. axb5 axb5 28. Ra8+ Rf8 29. Rxf8+ Kxf8 30. Ra1 Qb7 31. Qb8+ Qxb8 32. Bxb8 Bf3 33. Bg3 Be4 34. Ra5 Ke8 35. Rxb5 Kd7 36. Rc5 Rg8 37. Kf1 Rg6 38. Ra5 Rb6 39. f3 Bd3+ 40. Ke1 e6 41. Ra7+ Kd8 42. Bc7+ 1-0